Building log book toolkit incorporating: CIBSE TM31 (Record no. 103094)

MARC details
000 -LEADER
fixed length control field 01567cam a2200289 4500
001 - CONTROL NUMBER
control field ##L123686
008 - FIXED-LENGTH DATA ELEMENTS--GENERAL INFORMATION
fixed length control field 030922n2003 000 0 eng u
022 ## - INTERNATIONAL STANDARD SERIAL NUMBER
International Standard Serial Number 1903287383
035 ## - SYSTEM CONTROL NUMBER
System control number (Sirsi) u123686
041 0# - LANGUAGE CODE
Language code of text/sound track or separate title eng
050 04 - LIBRARY OF CONGRESS CALL NUMBER
Classification number 697 $2 18
100 10 - MAIN ENTRY--PERSONAL NAME
Personal name Jones, P.J.
245 00 - TITLE STATEMENT
Title Building log book toolkit incorporating: CIBSE TM31
Remainder of title building log books and standard templates
260 ## - PUBLICATION, DISTRIBUTION, ETC.
Place of publication, distribution, etc. London
Name of publisher, distributor, etc. CIBSE
Date of publication, distribution, etc. 2003
300 ## - PHYSICAL DESCRIPTION
Extent 10p.
Dimensions 30cm.
Accompanying material +i cd-rom
350 ## - PRICE (NR) (BK AM CF MU VM SE) [OBSOLETE]
Price 98
490 #0 - SERIES STATEMENT
Series statement CIBSE Technical Memorandum
Volume/sequential designation 31: 2003
520 ## - SUMMARY, ETC.
Summary, etc. Guide and accompanying CD-RoM on the preparation of buildiing log books, designed to provide a standard approach to the industry. Approved Document 2 of Part L of the Building Regulations (2002) now includes a statutory requirement to provide new and refurbished buildings with a building log book in order to enable the building owner to operate the building in an energy efficient manner and according to the design intent. This guide particularly seeks to ensure that for small businesses the burden of providing the log book is in keeping with the size of their buildings, by incorporating a small business case study and template.
520 ## - SUMMARY, ETC.
Summary, etc. Accompanying CD-ROM available for reference use in the Library.
690 ## - LOCAL SUBJECT ADDED ENTRY--TOPICAL TERM (OCLC, RLIN)
Topical term or geographic name as entry element BUILDING AND CONSTRUCTION-ENERGY MANAGEMENT
700 10 - ADDED ENTRY--PERSONAL NAME
Personal name Butcher, Ken
700 10 - ADDED ENTRY--PERSONAL NAME
Personal name Davies, Hywel
700 10 - ADDED ENTRY--PERSONAL NAME
Personal name Balian, Jacqueline
710 2# - ADDED ENTRY--CORPORATE NAME
Corporate name or jurisdiction name as entry element Chartered Institution of Building Services Engineers
9 (RLIN) 2360
710 2# - ADDED ENTRY--CORPORATE NAME
Corporate name or jurisdiction name as entry element United Kingdom
Subordinate unit Department of Trade and Industry
942 ## - ADDED ENTRY ELEMENTS (KOHA)
Suppress in OPAC 0
Holdings
Withdrawn status Lost status Source of classification or shelving scheme Damaged status Not for loan Home library Current library Shelving location Date acquired Cost, normal purchase price Total Checkouts Full call number Barcode Date last seen Copy number Cost, replacement price Price effective from Koha item type
    Other/Generic Classification Scheme     London London Basement 19/12/2005 83.30   BASEMENT 30071703 06/08/2019 1 83.30 06/08/2019 Book